BIBLIOTECA

SENCICO

Tipologías y tecnologías de vivienda de poblaciones menores trapecio Andino Cusco Puno / (Registro nro. 3587)

Detalles MARC
000 -LEADER
fixed length control field 01128nam a2200277Ia 4500
003 - CONTROL NUMBER IDENTIFIER
control field PE SENCICO BE
005 - DATE AND TIME OF LATEST TRANSACTION
control field 20251020182619.0
008 - FIXED-LENGTH DATA ELEMENTS--GENERAL INFORMATION
fixed length control field 200515s9999 xx 000 0 und d
040 ## - CATALOGING SOURCE
Original cataloging agency PE SENCICO BE
Transcribing agency PE SENCICO BE
041 ## - LANGUAGE CODE
Language code of text/sound track or separate title spa
082 ## - DEWEY DECIMAL CLASSIFICATION NUMBER
Edition information 728.1
Item number I5T
110 1# - MAIN ENTRY--CORPORATE NAME
Corporate name or jurisdiction name as entry element Instituto Nacional de Investigación y Normalización de la Vivienda
9 (RLIN) 1062
245 #0 - TITLE STATEMENT
Title Tipologías y tecnologías de vivienda de poblaciones menores trapecio Andino Cusco Puno /
Statement of responsibility, etc. Instituto Nacional de Investigación y Normalización de la Vivienda
260 ## - PUBLICATION, DISTRIBUTION, ETC.
Place of publication, distribution, etc. Lima :
Name of publisher, distributor, etc. ININVI ;
Date of publication, distribution, etc. 1988
300 ## - PHYSICAL DESCRIPTION
Extent 120 páginas :
Other physical details ilustraciones ;
Dimensions 24 x 34 cm.
520 3# - SUMMARY, ETC.
Summary, etc. El enfoque del trabajo tiene relación directa con la vivienda y con sus tipologías y tecnologías en el trapecio andino - Cusco
650 10 - SUBJECT ADDED ENTRY--TOPICAL TERM
Topical term or geographic name entry element Construcciones de tierra
9 (RLIN) 2267
650 20 - SUBJECT ADDED ENTRY--TOPICAL TERM
Topical term or geographic name entry element Viviendas rurales
9 (RLIN) 192
650 20 - SUBJECT ADDED ENTRY--TOPICAL TERM
Topical term or geographic name entry element Viviendas de bajo costo
9 (RLIN) 858
650 20 - SUBJECT ADDED ENTRY--TOPICAL TERM
Topical term or geographic name entry element Espacios públicos
9 (RLIN) 760
650 20 - SUBJECT ADDED ENTRY--TOPICAL TERM
Topical term or geographic name entry element Arquitectura de viviendas
9 (RLIN) 370
650 20 - SUBJECT ADDED ENTRY--TOPICAL TERM
Topical term or geographic name entry element Tecnología de la construcción
9 (RLIN) 589
650 20 - SUBJECT ADDED ENTRY--TOPICAL TERM
Topical term or geographic name entry element PUB ININVI
9 (RLIN) 2999
651 #0 - SUBJECT ADDED ENTRY--GEOGRAPHIC NAME
9 (RLIN) 661
Geographic name Perú
942 ## - ADDED ENTRY ELEMENTS (KOHA)
Koha item type Libros
Source of classification or shelving scheme Dewey Decimal Classification
Existencias
Fecha de la última vez que lo usaron Pago total Signatura topográfica completa Código de barras Precio efectivo desde Tipo de documento Estado perdido Sistema de clasificación Estado dañado No es para préstamo Retirado Ubicación permanente Ubicación actual Fecha de adquisición
15/05/2020   728.1/I5T BibLima25030059 15/05/2020 Libros   Dewey Decimal Classification   Not for loan   Biblioteca Central Lima Biblioteca Central Lima 15/05/2020